The Developing human: clinically oriented embryology. (8th ed.) (Record no. 63786)
[ view plain ]
| 000 -LEADER | |
|---|---|
| fixed length control field | 01101nam a2200217 a 4500 |
| 008 - FIXED-LENGTH DATA ELEMENTS--GENERAL INFORMATION | |
| fixed length control field | 130806s2008 ||||||||||||||||| || u |
| 020 ## - INTERNATIONAL STANDARD BOOK NUMBER | |
| International Standard Book Number | 9780808923879 |
| 050 ## - LIBRARY OF CONGRESS CALL NUMBER | |
| Classification number | QM 601 Moo |
| 100 ## - MAIN ENTRY--PERSONAL NAME | |
| Personal name | Moore, Keith L |
| 245 14 - TITLE STATEMENT | |
| Title | The Developing human: clinically oriented embryology. (8th ed.) |
| Statement of responsibility, etc. | by Keith L. Moore and T.V.N. Persaud |
| 250 ## - EDITION STATEMENT | |
| Edition statement | 8th ed. |
| 260 ## - PUBLICATION, DISTRIBUTION, ETC. | |
| Place of publication, distribution, etc. | Philadelphia: |
| Name of publisher, distributor, etc. | Saunders Elsevier |
| Date of publication, distribution, etc. | 2008 |
| 300 ## - PHYSICAL DESCRIPTION | |
| Extent | xiv, 522p.: ill. |
| 650 ## - SUBJECT ADDED ENTRY--TOPICAL TERM | |
| Topical term or geographic name entry element | EMBRYOLOGY |
| 650 ## - SUBJECT ADDED ENTRY--TOPICAL TERM | |
| Topical term or geographic name entry element | ABNORMALITIES, HUMAN |
| 650 ## - SUBJECT ADDED ENTRY--TOPICAL TERM | |
| Topical term or geographic name entry element | EMBRYOLOGY, HUMAN |
| 700 ## - ADDED ENTRY--PERSONAL NAME | |
| Personal name | Persaud, T.V.N |
| 995 ## - | |
| -- | MICHAEL CHILUFYA SATA OPEN ACCESS |
| -- | 902264 |
| -- | CBU-SCHOOL OF MEDICINE LIBRARY (Ndola) |
| -- | QM 601 Moo |
| -- | 1 |
| -- | AVAILABLE |
| -- | Aug 12, 2013 |
| -- | 902264 |
| -- | Medical Library Open Access Collection |
| 995 ## - | |
| -- | MEDICAL LIBRARY OPEN ACCESS |
| -- | 902265 |
| -- | CBU-SCHOOL OF MEDICINE LIBRARY (Ndola) |
| -- | QM 601 Moo |
| -- | 2 |
| -- | AVAILABLE |
| -- | Aug 12, 2013 |
| -- | 902265 |
| -- | Medical Library Open Access Collection |
| 995 ## - | |
| -- | MEDICAL LIBRARY OPEN ACCESS |
| -- | 902266 |
| -- | CBU-SCHOOL OF MEDICINE LIBRARY (Ndola) |
| -- | QM 601 Moo |
| -- | 3 |
| -- | AVAILABLE |
| -- | Aug 12, 2013 |
| -- | 902266 |
| -- | Medical Library Open Access Collection |
| 999 ## - | |
| -- | 63786 |
| -- | 63786 |
| Withdrawn status | Lost status | Source of classification or shelving scheme | Damaged status | Not for loan | Permanent Location | Current Location | Shelving location | Date acquired | Total Checkouts | Total Renewals | Full call number | Barcode | Date last seen | Date last checked out | Copy number | Price effective from | Koha item type |
|---|---|---|---|---|---|---|---|---|---|---|---|---|---|---|---|---|---|
| CBU-MICHAEL CHILUFYA SATA LIBRARY | CBU-SCHOOL OF MEDICINE LIBRARY, NDOLA. | 02/01/2023 | 3 | 2 | QM 601 Moo | 902264 | 09/23/2024 | 09/09/2024 | 1 | 02/01/2023 | MONOGRAPH | ||||||
| CBU-SCHOOL OF MEDICINE LIBRARY, NDOLA. | CBU-SCHOOL OF MEDICINE LIBRARY, NDOLA. | 02/01/2023 | QM 601 Moo | 902265 | 02/01/2023 | 2 | 02/01/2023 | MONOGRAPH | |||||||||
| CBU-SCHOOL OF MEDICINE LIBRARY, NDOLA. | CBU-SCHOOL OF MEDICINE LIBRARY, NDOLA. | 02/01/2023 | QM 601 Moo | 902266 | 02/01/2023 | 3 | 02/01/2023 | MONOGRAPH |